Províncias e territórios Do Canadá - Statistics

Estatísticas Gerais
  • Esse quiz foi jogado 18 vezes
  • A pontuação média é 7 de 13
Estatísticas das Respostas
Imagem Resposta % Correto
Quebec
85%
Columbia
69%
Nunavut
69%
Alberta
62%
Nova Escócia
62%
Manitoba
54%
Ontário
54%
Terra nova e labrador
46%
Ilha do príncipe eduardo
38%
Saskatchewan
38%
Territorios do noroeste
31%
Yukon
31%
Nova Brunswick
23%
Nenhum quiz correspondente encontrado
Distribuição das Pontuações
Porcentagem de Pessoas com Cada Pontuação
Percentil de Números Respondidos
Sua Pontuação Histórica
Você não jogou esse quiz